100 WORDS PART 2 CLICK IT - Statistics

General Stats
  • This quiz has been taken 7 times
  • The average score is 31 of 110
Answer Stats
Hint Answer % Correct
להקיף circle
100%
תחרות competition
100%
למלא fill in
100%
שפה language
100%
להשלים complete
80%
מחשב computer
80%
מדינה country
80%
להחליט decide
80%
האם does
80%
מועדף, אהוב favorite
80%
ידידותי friendly
80%
מראיין interviewer
80%
שלילי negative
80%
חיובי positive
80%
לקחת חלק\להשתתף take part
80%
יכול able to
60%
אחר, נוסף another
60%
שניהם, גם וגם both
60%
לחגוג celebrate
60%
חגיגה celebration
60%
קשה difficult
60%
האם do
60%
ערב evening
60%
דייג fisherman
60%
משרד office
60%
להעדיף prefer
60%
מדע science
60%
מדען scientist
60%
חנות store
60%
ביחד together
60%
מודעה, פרסומת advertisement
40%
מסביב around
40%
להמשיך continue
40%
שונה different
40%
לא נכון\שקר false
40%
בפנים, בתוך inside
40%
ראיון interview
40%
להזמין invite
40%
בחוץ, מחוץ ל outside
40%
שאלה question
40%
מילה נרדפת synonym
40%
מִגְדָּל tower
40%
לטייל travel
40%
נכון\אמת true
40%
אישה (בנישואים) wife
40%
בלי, ללא withouth
40%
עולם world
40%
שעה hour
20%
בעל husband
20%
מידע information
20%
מעניין interesting
20%
צהריים noon
20%
תלמידים pupils
20%
להציל, לשמור, לחסוך save
20%
חנות shop
20%
רחוב street
20%
מתבגר (בן\בת עשרה) teenager
20%
שבוע week
20%
טוב well
20%
כתובת address
0%
כנגד\ אל מול\ נגד against
0%
דודה aunt
0%
לאפות bake
0%
טבלה chart
0%
יקר, יקרה (במובן רגשי) dear
0%
ריק empty
0%
להנות enjoy
0%
מרגש, מלהיב exciting
0%
בעד\בשביל\ל for
0%
מטוגן fried
0%
מלא full
0%
מתנה gift
0%
ציון, כיתה grade
0%
חצי half
0%
עבודה job
0%
ארוך long
0%
בר מזל lucky
0%
מר, אדון (מיסטר) mr
0%
גברת (מיסיז) mrs
0%
חדש new
0%
אחיינית niece
0%
ההפך opposite
0%
לתכנן plan
0%
צמח, לשתול plant
0%
דואר\לפרסם post
0%
גלויה (של דואר) postcard
0%
מתנה present
0%
בעיה problem
0%
תכנית program
0%
פרויקט project
0%
לְהִרָגַע relax
0%
קצר short
0%
לצעוק shout
0%
חולה sick
0%
כל כך הרבה so much
0%
מוזר, משונה strange
0%
לפתע suddenly
0%
מופתע surprised
0%
טבלה table
0%
לדבר עם talk to
0%
גבוה tall
0%
דברים things
0%
כרטיס ticket
0%
טיול trip
0%
דוד uncle
0%
לא רגיל unusual
0%
רגיל usual
0%
סוף שבוע weekend
0%
שנה year
0%
לצעוק yell
0%
No matching quizzes found
Score Distribution
Percent of People with Each Score
Percentile by Number Answered
Your Score History
You have not taken this quiz